Techno-economic aspects of potato production and storage: evidence from Uttar Pradesh (Record no. 477469)

000 -LEADER
fixed length control field 00508cam a22001337a 4500
008 - FIXED-LENGTH DATA ELEMENTS--GENERAL INFORMATION
fixed length control field 180718b1986 xxu||||| |||| 00| 0 eng d
082 ## - DEWEY DECIMAL CLASSIFICATION NUMBER
Classification number Z467x5421 Si64
100 ## - MAIN ENTRY--PERSONAL NAME
Personal name Singh, Bhanwar
245 ## - TITLE STATEMENT
Title Techno-economic aspects of potato production and storage: evidence from Uttar Pradesh
Statement of responsibility, etc. by Bhanwar Singh
260 ## - PUBLICATION, DISTRIBUTION, ETC.
Place of publication, distribution, etc. Bombay
Name of publisher, distributor, etc. Centre for Social and Technological Change
Date of publication, distribution, etc. 1986
300 ## - PHYSICAL DESCRIPTION
Extent 143+p.
650 ## - SUBJECT ADDED ENTRY--TOPICAL TERM
Topical term or geographic name entry element Farm produce - Storage - India - U.P.
700 ## - ADDED ENTRY--PERSONAL NAME
Personal name Centre for Social and Technological Change, Bombay
Holdings
Withdrawn status Lost status Damaged status Not for loan Permanent Location Current Location Date acquired Full call number Barcode Date last seen Price effective from Koha item type
        Indian Institute of Public Administration Indian Institute of Public Administration 2018-08-04 Z467x5421 Si64 G12039 2018-08-04 2018-08-04 G

Powered by Koha